| 000 | 00830nam a22002537a 4500 | ||
|---|---|---|---|
| 003 | DO-SdBNP | ||
| 005 | 20230602101933.0 | ||
| 007 | ta | ||
| 008 | 230602b1961 sp a|||| |||| 00| 0 spa d | ||
| 040 |
_aDO-SdBNP _bspa _cBNPHU _erda |
||
| 082 | 4 | _222 | |
| 100 |
_913633 _aMaupassant, Guy de, _d1850-1893 |
||
| 245 | 1 | 0 |
_aObras completas / _cGuy de Maupassant; ordenador, traductor y pr♀logo, Luis Ruiz Contreras |
| 250 | _a3a ed. | ||
| 264 | 1 |
_aMadrid : _bAguilar, _c1961. |
|
| 300 |
_avolumen : _bilustraciones ; _c19 cm. |
||
| 336 |
_2rdacontent _atexto _btxt |
||
| 337 |
_2rdamedia _asin mediación _bn |
||
| 338 |
_2rdacarrier _avolumen _bnc |
||
| 505 |
_av.1 _tNovelas-- _tMiscelanea-- _tRelatos de viajes-- _tTeatro-- _tPoesías-- _gv.2-- _tCuentos. |
||
| 590 | _aInventariado, 2023/BT | ||
| 910 | _aBtavárez | ||
| 942 |
_2ddc _cLBS1 |
||
| 999 |
_c53696 _d53696 |
||